000 00298nam a2200133Ia 4500
005 20251222155156.0
008 251222s9999||||xx |||||||||||||| ||spa||
082 _a150/S11
100 _aSaavedra Díaz, Fabiana
245 0 _aPsicología
250 _a1ra. ed.
264 _bLealtad
942 _cLIB
999 _c39741
_d39741